Ginny et Georgia Personnages - Statistiques

Statistiques générales
  • Ce quiz a été pris 110 fois
    99 depuis la dernière actualisation
  • Le résultat moyen est 14 sur 46
Statistiques - réponses
Hint Réponse % Correct
2 Virginia Miller
100%
1 Georgia Miller
99%
18 Maxine Baker
92%
3 Austin Miller
89%
17 Marcus Baker
89%
19 Abigail Littman
84%
7 Paul Randolph
72%
11 Joe Singh
63%
25 Hunter Chen
62%
4 Zion Miller
58%
22 Norah Cohen
54%
12 Cynthia Fuller
45%
15 Ellen Baker
36%
33 Sophie Sanchez
33%
30 Bracia Charles
28%
10 Nick Throop
26%
27 Matt Press
25%
24 Samantha
24%
28 Brodie
22%
36 Gabriel Cordova
22%
29 Padma Atlurie
22%
13 Zach Fuller
20%
6 Lynette Miller
18%
14 Tom Fuller
17%
26 Jordan
16%
39 Maddie Atkins
16%
37 Simone
16%
16 Clint Baker
14%
32 Silver
14%
34 Tris Tho
14%
31 Bryon Bennett
13%
43 Wolfe
13%
38 M. Gitten
12%
23 Bev Cohen
9%
42 Dr Lily
9%
35 Riley Nichols
5%
41 Daisy Atkins
4%
46 Gil Timmins
4%
40 Ed Atkins
3%
21 John Littman
3%
20 Nancy Littman
3%
5 Corbin Miller
1%
44 Amber Lynn Driscoll
0%
45 Kenneth Drexel
0%
8 Patricia Randolph
0%
9 Whit Randolph
0%
Aucun quiz correspondant
Distribution des résultats
% des personnes avec chaque résultat
Percentile par nombre de réponses
Votre historique - résultats
Vous n’avez pas pris ce quiz depuis la dernière actualisation